Wszystkie miasta konurbacji górnośląskiej - Statystyki

Ogólne statystyki
  • Ten quiz został rozwiązany 38 razy
  • Średni wynik to 14 z 19
Statystyki odpowiedzi
Populacja (tys.) Miasto % Poprawnych
293,6 Katowice
100%
179,2 Gliwice
94%
201,1 Sosnowiec
94%
172,8 Zabrze
90%
166,0 Bytom
87%
108,0 Chorzów
87%
127,7 Tychy
87%
119,8 Dąbrowa Górnicza
84%
137,6 Ruda Śląska
81%
56,6 Będzin
77%
91,3 Jaworzno
74%
74,5 Mysłowice
71%
55,1 Piekary Śląskie
68%
67,0 Siemianowice Śląskie
61%
49,8 Świętochłowice
61%
61,4 Tarnowskie góry
61%
31,5 Czeladź
52%
38,3 Knurów
39%
40,9 Mikołów
39%
Nie znaleziono quizów pasujących do podanych kryteriów
Rozkład punktacji
Procent ludzi z każdym wynikiem
Percentyl według liczby udzielonych odpowiedzi
Twoja historia wyników
Nie rozwiązałeś tego quizu